000 00346nam a2200157Ia 4500
001 11280
003 IN-NITTTR
005 20251114233105.0
008 251113s9999||||xx |||||||||||||| ||eng||
040 _beng
040 _cIN-NITTTR
041 _aeng
082 _a609.1724 W34C
245 0 _aChinese chain and washer pumps /
942 _2ddc
_cBK
999 _c13916
_d13916